| 000 | 00986nam a2200241Ia 4500 | ||
|---|---|---|---|
| 003 | Ost | ||
| 005 | 20260507075051.0 | ||
| 008 | 260507s9999||||xx |||||||||||||| ||und|| | ||
| 020 | _a9957112570 | ||
| 040 | _cfsecg | ||
| 041 | _aara | ||
| 082 | _a332.1 | ||
| 100 |
_aالرفاعي، غالب عوض _eمؤلف |
||
| 245 | 0 |
_aاقتصاديات النقود والبنوك : _bالأساسيات / _c غالب عوض الرفاعي |
|
| 260 |
_aعمان: _bدار وائل للنشر والتوزيع, _c2002 |
||
| 300 |
_a194 صفحة؛ _bإيضاحات ؛ _c25 سم |
||
| 504 | _aكشاف مصطلحات ص.193 ببليوغرافيا: ص.192 | ||
| 520 | _aالمدخل-النظام المالي-النقود-أسعار الفائدة-نظرية اختيار المحفظة المالية-تقلبات أسعار الفائدة | ||
| 653 | _aالبنوك | ||
| 653 | _aالنقود | ||
| 700 |
_aبلعربي، عبد الحفيظ _eمؤلف ثانوي |
||
| 942 | _cكتاب | ||
| 999 |
_c42645 _d42645 |
||